000
00242nam a2200109Ia 4500
008
220204s9999 xx 000 0 und d
082
_a
82-3
_b
SCO
100
_a
Scott, Walter
245
0
_a
Ivanhoe
260
_a
New Delhi
_b
S Chand
942
_c
BK
999
_c
35518
_d
35518